| 000 | 00525nam a2200169 i 4500 | ||
|---|---|---|---|
| 001 | 92449 | ||
| 003 | ES-MaACL | ||
| 005 | 20230906180955.0 | ||
| 007 | t| | ||
| 008 | 050308s1907 cl ||||1| spa d | ||
| 080 | _a821.134.2(83)-34"18" | ||
| 100 | 1 |
_aLillo, Baldomero. _972291 |
|
| 245 | 1 | 0 |
_aSub sole / _cBaldomero Lillo. |
| 260 |
_aSantiago de Chile : _b[s.n.], _c1907 ( _fImp. y Enc. Universitaria Dr. S. A. GarcĂa Valenzuela) |
||
| 300 |
_a181 p. ; _c18 cm. |
||
| 852 | 4 |
_aES-MaACL _jT-19-F-3 _z- Donat. Luis Ross M. |
|
| 999 |
_c92449 _d92449 |
||